[Event "Ruhrgebiet Verbandsklasse Gruppe 2 1617"]
[Site "Germany"]
[Date "2017.02.19"]
[Round "7.4"]
[White "Fiori, Bruno"]
[Black "Becker, Volker"]
[Result "1-0"]
[WhiteElo "1993"]
[BlackElo "1725"]
[PlyCount "73"]
[EventDate "2016.09.04"]
[EventType "team-tourn"]
[EventRounds "9"]
[EventCountry "GER"]
[SourceTitle "EXT 2022"]
[Source "ChessBase"]
[SourceDate "2021.10.06"]
[SourceVersion "1"]
[SourceVersionDate "2021.10.06"]
[SourceQuality "1"]
[WhiteTeam "Osterfeld Schwarze Dame"]
[BlackTeam "Schueren"]
[WhiteTeamCountry "GER"]
[BlackTeamCountry "GER"]

1. e4 e6 2. Qe2 c5 3. Nf3 Nc6 4. g3 g6 5. Bg2 Bg7 6. 0-0 Nge7 7. c3 0-0 8. d3 d5 9. Rd1 Rb8 10. a4 b6 11. Na3 Bb7 12. h4 h6 13. e5 a6 14. Bf4 Qd7 15. Nc2 Rfd8 16. Ne3 Qc7 17. Ng4 Kh7 18. Nf6+ Kh8 19. Qd2 Ng8 20. Re1 Nce7 21. Nh2 d4 22. c4 h5 23. Nf3 Nf5 24. Ng5 Bxg2 25. Kxg2 Bxf6 26. exf6 Qb7+ 27. Kg1 Rbc8 28. Be5 Rd7 29. Qf4 Rc6 30. f3 Qc8 31. g4 hxg4 32. fxg4 Ne3 33. Re2 Qf8 34. Rh2 Nh6 35. h5 gxh5 36. Rxh5 Kg8 37. Qe4 1-0

[Event "Ruhrgebiet Verbandsklasse Gruppe 3 1415"]
[Site "Germany"]
[Date "2015.02.08"]
[Round "6.3"]
[White "Fiori, Bruno"]
[Black "Fuest, Torsten"]
[Result "1-0"]
[WhiteElo "1972"]
[BlackElo "1903"]
[PlyCount "65"]
[EventDate "2014.09.21"]
[EventType "team-tourn"]
[EventRounds "9"]
[EventCountry "GER"]
[SourceTitle "EXT 2022"]
[Source "ChessBase"]
[SourceDate "2021.10.06"]
[SourceVersion "1"]
[SourceVersionDate "2021.10.06"]
[SourceQuality "1"]
[WhiteTeam "Osterfeld Schwarze Dame"]
[BlackTeam "Boenen SV"]
[WhiteTeamCountry "GER"]
[BlackTeamCountry "GER"]

1. e4 c5 2. Nf3 g6 3. d4 cxd4 4. Qxd4 Nf6 5. e5 Nc6 6. Qc3 Nd5 7. Qb3 Nc7 8. Bc4 Ne6 9. Bxe6 dxe6 10. 0-0 Bg7 11. Re1 0-0 12. Bf4 b6 13. Na3 Bb7 14. Rad1 Qc8 15. Rd2 Rd8 16. Red1 Rd5 17. c4 Rxd2 18. Rxd2 Qc7 19. Nb5 Qc8 20. Qe3 a6 21. Nc3 Qc7 22. Na4 b5 23. Nc5 Rd8 24. Rxd8+ Nxd8 25. Nxb7 Qxb7 26. c5 Qd5 27. h4 Qxa2 28. Qd4 Qa5 29. Qd7 Bf8 30. c6 Nxc6 31. Qxc6 b4 32. Qe8 Kg7 33. Ng5 1-0

[Event "Ruhrgebiet Verbandsklasse Gruppe 3 1415"]
[Site "Germany"]
[Date "2015.01.18"]
[Round "5.4"]
[White "Fiori, Bruno"]
[Black "Brendemuehl, Bernd"]
[Result "0-1"]
[WhiteElo "1972"]
[BlackElo "1894"]
[PlyCount "66"]
[EventDate "2014.09.21"]
[EventType "team-tourn"]
[EventRounds "9"]
[EventCountry "GER"]
[SourceTitle "EXT 2022"]
[Source "ChessBase"]
[SourceDate "2021.10.06"]
[SourceVersion "1"]
[SourceVersionDate "2021.10.06"]
[SourceQuality "1"]
[WhiteTeam "Osterfeld Schwarze Dame"]
[BlackTeam "Dortmund FS"]
[WhiteTeamCountry "GER"]
[BlackTeamCountry "GER"]

1. e4 c5 2. Nf3 g6 3. d4 cxd4 4. Qxd4 Nf6 5. e5 Nc6 6. Qc3 Nd5 7. Qb3 e6 8. c4 Nde7 9. Nc3 Bg7 10. Bf4 0-0 11. 0-0-0 a6 12. Ne4 b5 13. Nf6+ Kh8 14. Ng5 Bxf6 15. exf6 Ng8 16. Nxh7 Nxf6 17. Nxf8 Qxf8 18. cxb5 axb5 19. Bxb5 Qc5+ 20. Qc4 Qf5 21. g3 Bb7 22. g4 Nxg4 23. Rxd7 Na5 24. Qc3+ Kg8 25. Rhd1 Qxf4+ 26. Kb1 Bd5 27. f3 Ne5 28. Rc7 Nac4 29. Rd4 Qf5+ 30. Ka1 Nd6 31. Ba4 Nxf3 32. Rb4 Ne5 33. b3 Nd3 0-1

[Event "NRW Verbandsliga Group2 1314"]
[Site "Nordrheinwestfalen"]
[Date "2013.12.15"]
[Round "5"]
[White "Fiori, Bruno"]
[Black "Lang, Daniel"]
[Result "1-0"]
[WhiteElo "1944"]
[BlackElo "2001"]
[PlyCount "63"]
[EventDate "2013.09.08"]
[EventType "team-tourn"]
[EventRounds "9"]
[EventCountry "GER"]
[SourceTitle "EXT 2020"]
[Source "ChessBase"]
[SourceDate "2019.10.17"]
[SourceVersion "1"]
[SourceVersionDate "2019.10.17"]
[SourceQuality "1"]
[WhiteTeam "Osterfeld Schwarze Dame"]
[BlackTeam "Wattenscheid SV IV"]
[WhiteTeamCountry "GER"]
[BlackTeamCountry "GER"]

1. e4 c5 2. Nf3 Nc6 3. d4 cxd4 4. Nxd4 Nf6 5. Nc3 e5 6. Ndb5 d6 7. Bg5 a6 8. Na3 b5 9. Nd5 Be7 10. Bxf6 Bxf6 11. c3 Bg5 12. Nc2 f5 13. Bd3 Be6 14. h4 Bf6 15. Nxf6+ Qxf6 16. exf5 0-0 17. Ne3 Bf7 18. Be4 Rac8 19. g4 Qd8 20. g5 Ne7 21. h5 d5 22. Bc2 d4 23. g6 dxe3 24. gxf7+ Kh8 25. fxe3 Qb6 26. Qf3 b4 27. h6 gxh6 28. Qe4 Qf6 29. 0-0-0 bxc3 30. Rxh6 cxb2+ 31. Kb1 Qg7 32. Rxh7+ 1-0

[Event "Ruhrgebiet VK3 1213"]
[Site "Nordrheinwestfalen"]
[Date "2013.02.24"]
[Round "7.6"]
[White "Fiori, Bruno"]
[Black "Lennartz, Christina"]
[Result "1-0"]
[WhiteElo "1981"]
[BlackElo "1585"]
[PlyCount "61"]
[EventDate "2012.09.02"]
[EventType "team-tourn"]
[EventRounds "9"]
[EventCountry "GER"]
[SourceTitle "EXT 2020"]
[Source "ChessBase"]
[SourceDate "2019.10.17"]
[SourceVersion "1"]
[SourceVersionDate "2019.10.17"]
[SourceQuality "1"]
[WhiteTeam "Osterfeld Schwarze Dame"]
[BlackTeam "Brackel SF III"]
[WhiteTeamCountry "GER"]
[BlackTeamCountry "GER"]

1. e4 c5 2. Nf3 a6 3. d4 cxd4 4. Nxd4 Nf6 5. Nc3 e5 6. Nb3 Bb4 7. Bd3 d5 8. exd5 e4 9. Be2 Qxd5 10. Bd2 Qe6 11. 0-0 Nc6 12. a3 Be7 13. Bg5 0-0 14. Qc1 b5 15. Bxf6 Bxf6 16. Nc5 Qe5 17. N5xe4 Bh4 18. Bd3 f5 19. Ng5 Nd4 20. Re1 Qc5 21. Qf4 Bxg5 22. Qxg5 Bb7 23. Re7 g6 24. Rxb7 Rae8 25. Qh6 Re7 26. Rxe7 Qxe7 27. Qe3 Qd7 28. Re1 f4 29. Qe5 Qa7 30. Nd5 Nc6 31. Qe6+ 1-0

[Event "Ruhrgebiet VK3 1213"]
[Site "Nordrheinwestfalen"]
[Date "2013.01.13"]
[Round "5"]
[White "Fiori, Bruno"]
[Black "Zagrabski, Kevin"]
[Result "1-0"]
[WhiteElo "1981"]
[BlackElo "1800"]
[PlyCount "97"]
[EventDate "2012.09.02"]
[EventType "team-tourn"]
[EventRounds "9"]
[EventCountry "GER"]
[SourceTitle "EXT 2020"]
[Source "ChessBase"]
[SourceDate "2019.10.17"]
[SourceVersion "1"]
[SourceVersionDate "2019.10.17"]
[SourceQuality "1"]
[WhiteTeam "Osterfeld Schwarze Dame"]
[BlackTeam "Essen Ueberruhr"]
[WhiteTeamCountry "GER"]
[BlackTeamCountry "GER"]

1. e4 g6 2. d4 Bg7 3. c4 Nc6 4. Nf3 d6 5. h3 e5 6. Be3 Bd7 7. Nc3 h6 8. Qd2 f5 9. g3 Nf6 10. d5 Ne7 11. exf5 gxf5 12. Nh4 c6 13. Bg2 cxd5 14. cxd5 Qa5 15. 0-0 Rc8 16. Rfd1 a6 17. a3 Kf7 18. b4 Qd8 19. Rac1 b5 20. Bf1 Rb8 21. f3 Nc8 22. Qc2 Ne7 23. Bd3 Nfxd5 24. Nxd5 Nxd5 25. Qb3 Be6 26. Bxf5 Nf4 27. Bxe6+ Nxe6 28. Nf5 Bf8 29. Rc6 Qf6 30. Nxd6+ Bxd6 31. Rdxd6 Rbe8 32. Rxa6 Qxf3 33. Rd7+ Kg8 34. Rg7+ Kxg7 35. Bxh6+ Rxh6 36. Qxf3 Re7 37. Rb6 Ng5 38. Qe3 Nxh3+ 39. Kg2 Rxb6 40. Qxb6 Ng5 41. Qxb5 Kf6 42. a4 e4 43. Kf2 Re5 44. Qb6+ Kf5 45. a5 e3+ 46. Ke2 Nf3 47. Kxf3 e2 48. g4+ Kg5 49. Qd8+ 1-0

[Event "Ruhrgebiet VK3 1213"]
[Site "Nordrheinwestfalen"]
[Date "2012.10.28"]
[Round "3.6"]
[White "Schaedlich, Andreas"]
[Black "Fiori, Bruno"]
[Result "1/2-1/2"]
[WhiteElo "1934"]
[BlackElo "1981"]
[PlyCount "111"]
[EventDate "2012.09.02"]
[EventType "team-tourn"]
[EventRounds "9"]
[EventCountry "GER"]
[SourceTitle "EXT 2020"]
[Source "ChessBase"]
[SourceDate "2019.10.17"]
[SourceVersion "1"]
[SourceVersionDate "2019.10.17"]
[SourceQuality "1"]
[WhiteTeam "Wacker Bergeborbeck"]
[BlackTeam "Osterfeld Schwarze Dame"]
[WhiteTeamCountry "GER"]
[BlackTeamCountry "GER"]

1. e4 c5 2. Bc4 Nc6 3. Nf3 d6 4. c3 Nf6 5. d3 g6 6. 0-0 Bg7 7. Bg5 h6 8. Bh4 0-0 9. Nbd2 a6 10. a3 b5 11. Ba2 Qb6 12. Rc1 Bd7 13. Re1 Rfe8 14. Nf1 Rac8 15. Qd2 Bg4 16. Bxf6 exf6 17. Qf4 Bxf3 18. Qxf3 Ne5 19. Qg3 c4 20. Bb1 h5 21. d4 Nd7 22. Ne3 Nf8 23. f4 Kh7 24. Re2 Bh6 25. Rf1 Qd8 26. h4 Nd7 27. f5 Bxe3+ 28. Rxe3 Qe7 29. e5 g5 30. hxg5 dxe5 31. Qh4 Kg7 32. Rg3 Kf8 33. Qxh5 Qd6 34. Re1 Ke7 35. gxf6+ Qxf6 36. dxe5 Nxe5 37. Rge3 Kd6 38. Qd1+ Kc7 39. Qd5 Rcd8 40. Qc5+ Kb8 41. Bc2 Nd3 42. Bxd3 Rxe3 43. Rxe3 Rxd3 44. Re1 Rd7 45. a4 bxa4 46. Qxc4 Qxf5 47. Qc6 Ka7 48. c4 Qd3 49. Qc5+ Kb7 50. Qb4+ Ka7 51. c5 Rb7 52. Qxa4 Rxb2 53. Qf4 Qd5 54. Re7+ Rb7 55. Qe3 Rxe7 56. Qxe7+ 1/2-1/2

[Event "Ruhrgebiet VL1 0910"]
[Site "Germany"]
[Date "2010.02.21"]
[Round "7.4"]
[White "Rueberg, Jobst"]
[Black "Fiori, Bruno"]
[Result "1/2-1/2"]
[WhiteElo "2171"]
[BlackElo "2188"]
[PlyCount "46"]
[EventDate "2009.09.06"]
[EventType "team-tourn"]
[EventRounds "9"]
[EventCountry "GER"]
[SourceTitle "EXT 2011"]
[Source "ChessBase"]
[SourceDate "2010.11.26"]
[SourceVersion "1"]
[SourceVersionDate "2010.11.26"]
[SourceQuality "1"]
[WhiteTeam "Ahlen"]
[BlackTeam "Osterfeld"]
[WhiteTeamCountry "GER"]
[BlackTeamCountry "GER"]

1. e4 c5 2. Nf3 d6 3. Bb5+ Bd7 4. Bxd7+ Nxd7 5. 0-0 Ngf6 6. Qe2 e6 7. c3 Be7 8. d4 0-0 9. h3 Qa5 10. Bg5 h6 11. Bh4 Rfe8 12. Nbd2 Rac8 13. dxc5 Qxc5 14. Nb3 Qb6 15. Rfd1 a6 16. Rd2 Qc6 17. Re1 Nc5 18. Nxc5 dxc5 19. c4 Rcd8 20. Rxd8 Bxd8 21. Rd1 g5 22. e5 gxh4 23. exf6 Bxf6 1/2-1/2

[Event "Ruhrgebiet VL1 0910"]
[Site "Germany"]
[Date "2009.12.06"]
[Round "4.4"]
[White "Fiori, Bruno"]
[Black "Roitburd, Talic"]
[Result "1/2-1/2"]
[WhiteElo "2188"]
[BlackElo "2227"]
[PlyCount "63"]
[EventDate "2009.09.06"]
[EventType "team-tourn"]
[EventRounds "9"]
[EventCountry "GER"]
[SourceTitle "EXT 2011"]
[Source "ChessBase"]
[SourceDate "2010.11.26"]
[SourceVersion "1"]
[SourceVersionDate "2010.11.26"]
[SourceQuality "1"]
[WhiteTeam "Osterfeld"]
[BlackTeam "Oberhausen"]
[WhiteTeamCountry "GER"]
[BlackTeamCountry "GER"]

1. e4 c5 2. Nf3 d6 3. d4 cxd4 4. Nxd4 Nf6 5. Nc3 a6 6. h3 e5 7. Nb3 Be6 8. Bg5 Be7 9. Be2 Nbd7 10. 0-0 b5 11. a3 0-0 12. Qd2 Rc8 13. Rfd1 Rxc3 14. Bxf6 Rc7 15. Bxe7 Qxe7 16. Na5 Nf6 17. Bf3 Rd8 18. Rac1 Rdd7 19. Qb4 Rc5 20. Rd2 g6 21. Rcd1 Ne8 22. Be2 Rdc7 23. c3 Kh8 24. a4 Rc8 25. axb5 axb5 26. Bxb5 Rb8 27. c4 Qc7 28. b3 Bd7 29. Rd5 Bxb5 30. cxb5 Rxd5 31. exd5 Qb6 32. Qd2 1/2-1/2

[Event "Ruhrgebiet VL1 0708"]
[Site "Germany"]
[Date "2008.01.20"]
[Round "5.3"]
[White "Schuetze, Andre"]
[Black "Fiori, Bruno"]
[Result "0-1"]
[WhiteElo "2061"]
[BlackElo "2188"]
[PlyCount "80"]
[EventDate "2007.09.02"]
[EventType "team"]
[EventRounds "9"]
[EventCountry "GER"]
[SourceTitle "EXT 2009"]
[Source "ChessBase"]
[SourceDate "2008.11.26"]
[SourceVersion "1"]
[SourceVersionDate "2008.11.26"]
[SourceQuality "1"]
[WhiteTeam "Horst Emscher"]
[BlackTeam "Osterfeld "]
[WhiteTeamCountry "GER"]
[BlackTeamCountry "GER"]

1. Nf3 c5 2. b3 Nf6 3. Bb2 e6 4. e3 Be7 5. d4 0-0 6. Nbd2 d5 7. Bd3 Nc6 8. Ne5 Bd7 9. 0-0 Rc8 10. f4 cxd4 11. exd4 Nb4 12. c4 Nxd3 13. Nxd3 dxc4 14. bxc4 b5 15. c5 Nd5 16. Qe2 b4 17. Ne5 Be8 18. Nb3 a5 19. Rac1 a4 20. Nd2 Qa5 21. Qe4 Bb5 22. Rf3 Qa6 23. f5 Bg5 24. fxe6 Qxe6 25. Rh3 h6 26. Ndf3 Bxc1 27. Bxc1 f5 28. Qh4 f4 29. g4 Nc3 30. Qe1 Qxa2 31. g5 Qe2 32. gxh6 Qxe1+ 33. Nxe1 gxh6 34. Kf2 a3 35. Nc2 Ne2 36. Bd2 a2 37. Bxb4 Ra8 38. Na1 Nxd4 39. Bc3 Ra3 40. Ke1 Ne2 0-1

[Event "ITA-ch sf g/5' 1st"]
[Site "Playchess.com INT"]
[Date "2006.02.25"]
[Round "4"]
[White "Benvenuti, Carlo"]
[Black "Fiori, Bruno"]
[Result "1-0"]
[WhiteElo "2174"]
[BlackElo "2218"]
[PlyCount "55"]
[EventDate "2006.02.25"]
[EventType "swiss (blitz)"]
[EventRounds "11"]
[EventCountry "ITA"]
[SourceTitle "CBM 111 Extra"]
[Source "ChessBase"]
[SourceDate "2006.05.09"]
[SourceVersion "1"]
[SourceVersionDate "2006.05.09"]
[SourceQuality "1"]

1. Nf3 c5 2. d3 d6 3. c3 g6 4. Bf4 Bg7 5. Nbd2 Nf6 6. e4 Nc6 7. Be2 0-0 8. 0-0 b5 9. h3 a5 10. a4 b4 11. Nc4 e5 12. Bh2 Be6 13. Nfd2 Qc7 14. Bg4 Nxg4 15. hxg4 Rad8 16. f3 d5 17. Ne3 d4 18. Nd5 Bxd5 19. exd5 Rxd5 20. c4 Rd7 21. Ne4 Ne7 22. g5 Nf5 23. Qd2 Ne3 24. Rfe1 f5 25. gxf6 Bxf6 26. Rxe3 dxe3 27. Qxe3 Rfd8 28. Nxf6+ 1-0

[Event "ITA-ch sf g/5' 1st"]
[Site "Playchess.com INT"]
[Date "2006.02.25"]
[Round "5"]
[White "Cherin, Diego"]
[Black "Fiori, Bruno"]
[Result "1-0"]
[WhiteElo "2301"]
[BlackElo "2218"]
[PlyCount "97"]
[EventDate "2006.02.25"]
[EventType "swiss (blitz)"]
[EventRounds "11"]
[EventCountry "ITA"]
[SourceTitle "CBM 111 Extra"]
[Source "ChessBase"]
[SourceDate "2006.05.09"]
[SourceVersion "1"]
[SourceVersionDate "2006.05.09"]
[SourceQuality "1"]

1. Nf3 c5 2. b3 d5 3. Bb2 e6 4. g3 Nf6 5. Bg2 Be7 6. 0-0 0-0 7. d3 Nc6 8. Nbd2 h6 9. e4 b5 10. Qe2 Nb4 11. c3 Nc6 12. e5 Nd7 13. d4 Ba6 14. Rfe1 Qb6 15. Rac1 Rfc8 16. Bf1 c4 17. b4 Bb7 18. a3 a5 19. Ra1 Ra7 20. h4 Rca8 21. Bh3 axb4 22. axb4 Rxa1 23. Rxa1 Rxa1+ 24. Bxa1 Qa6 25. Qd1 Qa2 26. Qb1 Qa4 27. Bb2 Nb6 28. Ne1 Nxd4 29. cxd4 Bxb4 30. Bc1 Ba5 31. Qc2 Qxc2 32. Nxc2 b4 33. Nb1 Bc6 34. Bd2 c3 35. Nxc3 bxc3 36. Bc1 Ba4 37. Ne3 Bb3 38. Bf1 Na4 39. Bb5 Bb6 40. Kf1 Bxd4 41. Ke2 Bxe5 42. f4 Bd4 43. Nd1 Nc5 44. Nxc3 Bxc3 45. Bd3 Bc4 46. Bxc4 dxc4 47. Kf3 Nd3 48. Ke3 Nxc1 49. Ke4 1-0

[Event "ITA-ch sf g/5' 1st"]
[Site "Playchess.com INT"]
[Date "2006.02.25"]
[Round "1"]
[White "Fiori, Bruno"]
[Black "Rombaldoni, Axel"]
[Result "0-1"]
[WhiteElo "2218"]
[BlackElo "2123"]
[PlyCount "54"]
[EventDate "2006.02.25"]
[EventType "swiss (blitz)"]
[EventRounds "11"]
[EventCountry "ITA"]
[SourceTitle "CBM 111 Extra"]
[Source "ChessBase"]
[SourceDate "2006.05.09"]
[SourceVersion "1"]
[SourceVersionDate "2006.05.09"]
[SourceQuality "1"]

1. e4 c5 2. Nf3 Nc6 3. d4 cxd4 4. Nxd4 Nf6 5. Nc3 d6 6. Bc4 e6 7. Bb3 a6 8. Be3 Qc7 9. f3 Be7 10. Qd2 0-0 11. 0-0-0 Nd7 12. h4 Nc5 13. g4 b5 14. g5 Bd7 15. h5 b4 16. Nce2 a5 17. Nb5 Nxb3+ 18. axb3 Qb8 19. Nxd6 a4 20. Nc4 axb3 21. cxb3 Rd8 22. g6 Na5 23. gxf7+ Kxf7 24. Nxa5 Rxa5 25. Nd4 Ra1+ 26. Kc2 Qc7+ 27. Kd3 Bb5# 0-1

[Event "ITA-ch sf g/5' 1st"]
[Site "Playchess.com INT"]
[Date "2006.02.25"]
[Round "10"]
[White "Pelagatti, Alessandro"]
[Black "Fiori, Bruno"]
[Result "1-0"]
[WhiteElo "2082"]
[BlackElo "2218"]
[PlyCount "63"]
[EventDate "2006.02.25"]
[EventType "swiss (blitz)"]
[EventRounds "11"]
[EventCountry "ITA"]
[SourceTitle "CBM 111 Extra"]
[Source "ChessBase"]
[SourceDate "2006.05.09"]
[SourceVersion "1"]
[SourceVersionDate "2006.05.09"]
[SourceQuality "1"]

1. d4 c5 2. d5 d6 3. c4 g6 4. Nc3 Bg7 5. Nf3 Bg4 6. Nd2 Qa5 7. h3 Bf5 8. e4 Bd7 9. Nb3 Qc7 10. Bf4 Na6 11. Be2 Nf6 12. 0-0 0-0 13. Nd2 Rab8 14. Rc1 Qa5 15. Nb3 Qd8 16. e5 Ne8 17. exd6 Nxd6 18. a4 b6 19. Nb5 Bxb5 20. axb5 Nb4 21. Ra1 Bxb2 22. Rxa7 Ra8 23. Rxa8 Qxa8 24. Qb1 Bf6 25. Nd2 Qa3 26. Ne4 Nxe4 27. Qxe4 Rd8 28. Bc7 Re8 29. d6 e6 30. Bxb6 Na2 31. Qc6 Rd8 32. Bxd8 1-0

[Event "ITA-ch sf g/5' 1st"]
[Site "Playchess.com INT"]
[Date "2006.02.25"]
[Round "2"]
[White "Trumpf, Walter"]
[Black "Fiori, Bruno"]
[Result "1-0"]
[WhiteElo "2049"]
[BlackElo "2218"]
[PlyCount "75"]
[EventDate "2006.02.25"]
[EventType "swiss (blitz)"]
[EventRounds "11"]
[EventCountry "ITA"]
[SourceTitle "CBM 111 Extra"]
[Source "ChessBase"]
[SourceDate "2006.05.09"]
[SourceVersion "1"]
[SourceVersionDate "2006.05.09"]
[SourceQuality "1"]

1. d4 c5 2. d5 d6 3. c4 Nf6 4. Nc3 g6 5. e4 Bg7 6. f4 Bg4 7. Nf3 0-0 8. Be2 Nbd7 9. 0-0 a6 10. a4 Ne8 11. h3 Bxf3 12. Bxf3 e6 13. dxe6 fxe6 14. Bg4 Bd4+ 15. Kh1 Qf6 16. Ne2 Ng7 17. Nxd4 cxd4 18. b3 Nc5 19. Bf3 a5 20. Bb2 e5 21. f5 gxf5 22. exf5 Kh8 23. Bg4 Ne4 24. Qd3 Nc5 25. Qf3 Rae8 26. Rad1 Qg5 27. Qd5 Rf6 28. Bc1 Qh4 29. Ba3 Nxb3 30. Qxb7 Nc5 31. Bxc5 dxc5 32. Qb5 Ref8 33. Qxc5 Nxf5 34. Bxf5 Rxf5 35. Rxf5 Rxf5 36. Qc8+ Kg7 37. Qxf5 Qg3 38. Rf1 1-0

[Event "Champions Challenge 121st"]
[Site "Playchess.com INT"]
[Date "2005.11.06"]
[Round "2"]
[White "Meister, Jakob"]
[Black "Fiori, Bruno"]
[Result "1-0"]
[WhiteElo "2490"]
[BlackElo "2218"]
[PlyCount "89"]
[EventDate "2005.11.06"]
[EventType "swiss (blitz)"]
[EventRounds "7"]
[EventCountry "GER"]
[SourceTitle "EXT 2007"]
[Source "ChessBase"]
[SourceDate "2006.11.23"]
[SourceVersion "1"]
[SourceVersionDate "2006.11.23"]
[SourceQuality "1"]

1. e4 c5 2. Nf3 d6 3. d4 cxd4 4. Nxd4 Nf6 5. Nc3 g6 6. Be3 Bg7 7. Be2 0-0 8. f4 Nc6 9. Nb3 a6 10. 0-0 b5 11. Bf3 Bb7 12. a4 b4 13. Nd5 Nxd5 14. exd5 Na5 15. Nxa5 Qxa5 16. Ra2 Rac8 17. Rf2 Rc7 18. Rd2 Rfc8 19. Qe2 Rc4 20. b3 Rc3 21. Qf2 Qc7 22. a5 h5 23. Bb6 Qd7 24. Ra4 Qf5 25. Rxb4 Rxc2 26. Rxc2 Rxc2 27. Qe3 Rc3 28. Qe4 Qc8 29. Rc4 Rxc4 30. Qxc4 Qf5 31. h3 Bh6 32. Be3 g5 33. fxg5 Bxg5 34. Bxg5 Qxg5 35. Qd4 h4 36. b4 Qg3 37. Qg4+ Qxg4 38. Bxg4 Bxd5 39. b5 axb5 40. Bf3 Bxf3 41. gxf3 b4 42. a6 b3 43. a7 b2 44. a8Q+ Kg7 45. Qb7 1-0

[Event "Ruhrgebiet VL1 0405"]
[Site "Ruhrgebiet"]
[Date "2005.03.13"]
[Round "8.5"]
[White "Wabschke, Alfred"]
[Black "Fiori, Bruno"]
[Result "1-0"]
[WhiteElo "2021"]
[BlackElo "1972"]
[PlyCount "97"]
[EventDate "2004.09.12"]
[EventType "team"]
[EventRounds "9"]
[EventCountry "GER"]
[SourceTitle "EXT 2006"]
[Source "ChessBase"]
[SourceDate "2005.11.24"]
[SourceVersion "1"]
[SourceVersionDate "2005.11.24"]
[SourceQuality "1"]
[WhiteTeam "Laeufer Wanne Eickel"]
[BlackTeam "Osterfeld"]
[WhiteTeamCountry "GER"]
[BlackTeamCountry "GER"]

1. d4 e6 2. e4 d5 3. Nd2 c5 4. Ngf3 Nc6 5. exd5 exd5 6. Bb5 Bd6 7. 0-0 Nge7 8. dxc5 Bxc5 9. Nb3 Bb6 10. h3 0-0 11. c3 a6 12. Bd3 h6 13. Re1 Qd6 14. Be3 Bxe3 15. Rxe3 Bf5 16. Nbd4 Bg6 17. Bxg6 Nxg6 18. Nf5 Qd7 19. N3d4 Rfe8 20. Qg4 Rad8 21. Nxh6+ Kf8 22. Qxd7 Rxd7 23. Rxe8+ Kxe8 24. Nhf5 Nxd4 25. cxd4 f6 26. Rc1 Nf4 27. Kh2 Ne6 28. Rd1 g6 29. Ne3 Ke7 30. h4 Kd6 31. g4 Rh7 32. Kg3 b5 33. f4 Re7 34. Kf3 Rh7 35. f5 Nf8 36. fxg6 Nxg6 37. Nf5+ Kd7 38. h5 Nf8 39. a4 b4 40. Ne3 Kd6 41. Rc1 Ne6 42. Nf5+ Kd7 43. Kg3 Ng5 44. h6 Nf7 45. Rc5 Nxh6 46. Rxd5+ Kc7 47. Rc5+ Kb8 48. Nxh6 Rxh6 49. Rc4 1-0

[Event "Ruhrgebiet VL1 0405"]
[Site "Ruhrgebiet"]
[Date "2004.11.28"]
[Round "4.5"]
[White "Deckert, Frank"]
[Black "Fiori, Bruno"]
[Result "1-0"]
[WhiteElo "1822"]
[BlackElo "1972"]
[PlyCount "85"]
[EventDate "2004.09.12"]
[EventType "team"]
[EventRounds "9"]
[EventCountry "GER"]
[SourceTitle "EXT 2006"]
[Source "ChessBase"]
[SourceDate "2005.11.24"]
[SourceVersion "1"]
[SourceVersionDate "2005.11.24"]
[SourceQuality "1"]
[WhiteTeam "Brambauer"]
[BlackTeam "Osterfeld"]
[WhiteTeamCountry "GER"]
[BlackTeamCountry "GER"]

1. d4 c5 2. Nf3 cxd4 3. Nxd4 d6 4. Nc3 g6 5. e4 Bg7 6. Be3 Nf6 7. Qd2 0-0 8. Be2 Ng4 9. Bg5 h6 10. Bh4 Nc6 11. Nb3 Be6 12. f4 f5 13. h3 Nf6 14. exf5 Bxf5 15. Bxf6 Bxf6 16. g3 Nb4 17. Bd3 Nxd3+ 18. cxd3 a5 19. Nd5 Bg7 20. Nc1 a4 21. a3 e5 22. Ne2 exf4 23. Ndxf4 g5 24. Nd5 Rc8 25. h4 Bg4 26. hxg5 hxg5 27. Rh2 Rc5 28. Ndc3 Rcf5 29. 0-0-0 Rf2 30. Rxf2 Rxf2 31. Re1 Bxc3 32. bxc3 Qe7 33. Nd4 Qf6 34. Qe3 Rf1 35. Rxf1 Qxf1+ 36. Kb2 Qg2+ 37. Nc2 Bd1 38. Qxg5+ Kh8 39. Qh4+ Kg8 40. Qxa4 Qxg3 41. Qa8+ Kg7 42. Qxb7+ Kh8 43. Qh1+ 1-0